| 000 | 00684nam a2200217 i 4500 | ||
|---|---|---|---|
| 001 | 21273 | ||
| 003 | ES-MaACL | ||
| 005 | 20230906152441.0 | ||
| 007 | t| | ||
| 008 | 021122s1946 ag ||||1| spa d | ||
| 100 | 1 |
_aAdams, Charles Darwin. _918380 |
|
| 245 | 1 | 0 |
_aDemóstenes y su influencia / _cpor Carlos Darwin Adams ; [traducción por Luis Farré]. |
| 260 |
_aBuenos Aires : _bNova, _c[1946] ( _fLópez) |
||
| 300 |
_a218 p. ; _c19 cm. |
||
| 490 | 1 | _aNuestra deuda con Grecia y Roma | |
| 600 | 0 | 4 |
_aDemóstenes. _943670 |
| 700 | 1 |
_aFarré, Luis. _948885 |
|
| 830 | 0 |
_aNuestra deuda con Grecia y Roma _9182816 |
|
| 852 |
_aES-MaACL _jB-3137 _bR.24022 |
||
| 999 |
_c21273 _d21273 |
||